Coupes du Monde de Football: Nouvelle-Zélande - Statistiques

Statistiques générales
  • Ce quiz a été pris 32 fois
  • Le résultat moyen est 3 sur 6
Statistiques - réponses
Réponse % Correct
Italie
89%
Brésil
75%
Paraguay
64%
Slovaquie
54%
URSS
39%
Ecosse
25%
Aucun quiz correspondant
Distribution des résultats
% des personnes avec chaque résultat
Percentile par nombre de réponses
Votre historique - résultats
Vous n’avez pas pris ce quiz